El manual del candidato de Quinto Cicerón. El commentariolum petitionis

Sparad:
Bibliografiska uppgifter
Huvudupphovsmän: Duplá, Antonio (Författare, medförfattare), Fatás, Guillermo (Författare, medförfattare), Pina, Francisco (Författare, medförfattare)
Materialtyp: Bok
Språk:spanska
Publicerad: Vizcaya Universidad del País Vasco 1990
Ämnen:
Taggar: Lägg till en tagg
Inga taggar, Lägg till första taggen!

MARC

LEADER 00000nam a2200000 a 4500
001 UCR1719
003 CL-VaPUC
008 971219e19900000SP |||||||||||||||||spa|d
082 0 4 |a 324.09  |b DUP  |2 21 
100 0 |a Duplá, Antonio  |e author  |9 399114 
700 0 |a Fatás, Guillermo  |e author  |9 399115 
700 0 |a Pina, Francisco  |e author  |9 399116 
245 1 3 |a El manual del candidato de Quinto Cicerón. El commentariolum petitionis 
300 |a 156 p 
942 |c BK 
945 |d 19971219 00:00:00  |a aolguin 
260 |a Vizcaya  |b Universidad del País Vasco  |c 1990 
600 0 7 |a QUINTO CICERON  |2 CL-VaPUC  |9 399117 
650 7 |a FILOSOFIA POLITICA  |2 CL-VaPUC  |9 399118 
650 0 |a Elecciones  |9 254997 
650 7 |a CANDIDATURA  |2 CL-VaPUC  |9 399119 
650 7 |a SITUACION POLITICA  |2 CL-VaPUC  |9 399012 
650 0 |a Ética  |9 255099 
650 7 |a COMMENTARIUM PETITIONIS  |2 CL-VaPUC  |9 399120 
651 7 |a IMPERIO ROMANO  |2 CL-VaPUC  |9 399121 
583 |a last modification  |c 19971219 00:00:00  |k Rodrigo Vera 
999 |c 265086  |d 265084 
952 |0 0  |1 0  |4 0  |6 324_090000000000000_DUP_1990  |7 0  |8 DER_ROM  |9 295877  |a BIBDER  |b BIBDER  |d 2019-11-20  |i 1918834  |o 324.09 DUP 1990  |p 1918834  |r 2023-01-25  |w 2019-11-20  |x Ubicación 4to piso  |y BK  |z Este recurso debe solicitarse con anticipación  |k DER